Biblioteca y Centro de Documentación

¿Consumidores o ciudadanos? Reflexiones sobre el concepto de ciudadanía alimentaria (Registro nro. 47888)

Detalles MARC
000 -CABECERA
Longitud fija campo de control 01203naa a2200313 c 4500
001 - NÚMERO DE CONTROL
Número de control 47888
003 - IDENTIFICADOR DE NÚMERO DE CONTROL
Identificador del número de control ES-MaCES
005 - FECHA Y HORA DE LA ÚLTIMA TRANSACCIÓN
Fecha y hora de la última transacción 20160630132507.0
008 - CAMPO FIJO DE DESCRIPCIÓN FIJA--INFORMACIÓN GENERAL
Códigos de información de longitud fija   160630s2014 sp ||||| t||||||| ||spa d
040 ## - FUENTE DE CATALOGACIÓN
Centro catalogador de origen ES-MaCES
Lengua de catalogación spa
Centro transcriptor ES-MaCES
Centro modificado ES-MaCES
100 1# - ENCABEZAMIENTO PRINCIPAL--NOMBRE PERSONAL
9 (RLIN) 13583
Nombre de persona Gómez Benito, Cristóbal
245 11 - MENCIÓN DE TÍTULO
Título ¿Consumidores o ciudadanos? Reflexiones sobre el concepto de ciudadanía alimentaria
Mención de responsabilidad, etc. Cristobal Gómez Benito, Carmen Lozano
500 ## - NOTA GENERAL
Nota general Resumen
504 ## - NOTA DE BIBLIOGRAFÍA, ETC.
Nota de bibliografía, etc. Bibliografía: p. 89-90
650 #4 - ASIENTO SECUNDARIO DE MATERIA--TÉRMINO DE MATERIA
9 (RLIN) 28658
Término de materia o nombre geográfico como elemento inicial alimentación
650 #4 - ASIENTO SECUNDARIO DE MATERIA--TÉRMINO DE MATERIA
9 (RLIN) 28676
Término de materia o nombre geográfico como elemento inicial nutrición
650 #4 - ASIENTO SECUNDARIO DE MATERIA--TÉRMINO DE MATERIA
9 (RLIN) 28671
Término de materia o nombre geográfico como elemento inicial consumo alimentario
650 #4 - ASIENTO SECUNDARIO DE MATERIA--TÉRMINO DE MATERIA
9 (RLIN) 27903
Término de materia o nombre geográfico como elemento inicial comportamiento del consumidor
650 #4 - ASIENTO SECUNDARIO DE MATERIA--TÉRMINO DE MATERIA
9 (RLIN) 27269
Término de materia o nombre geográfico como elemento inicial sociedad
650 #4 - ASIENTO SECUNDARIO DE MATERIA--TÉRMINO DE MATERIA
9 (RLIN) 30100
Término de materia o nombre geográfico como elemento inicial derechos civiles
650 #4 - ASIENTO SECUNDARIO DE MATERIA--TÉRMINO DE MATERIA
9 (RLIN) 27175
Término de materia o nombre geográfico como elemento inicial democracia
650 #4 - ASIENTO SECUNDARIO DE MATERIA--TÉRMINO DE MATERIA
9 (RLIN) 27284
Término de materia o nombre geográfico como elemento inicial participación social
650 #4 - ASIENTO SECUNDARIO DE MATERIA--TÉRMINO DE MATERIA
9 (RLIN) 29226
Término de materia o nombre geográfico como elemento inicial acceso a la información
653 10 - TÉRMINO DE INDEXACIÓN--NO CONTROLADO
Término no controlado Ciencias Sociales-Políticas
700 1# - ENCABEZAMIENTO SECUNDARIO--NOMBRE PERSONAL
9 (RLIN) 37082
Nombre de persona Lozano Cabedo, Carmen
773 0# - ENTRADA DE DOCUMENTO FUENTE
Itemnumber del ítem fuente 84587
Lugar, editor y fecha de publicación Madrid Fundación de las Cajas de Ahorros (FUNCAS) 2005-
Otro identificador del documento 087488
Título Panorama social
Número de control del registro relacionado (ES-MaCES)25996
Parte(s) relacionada(s) n. 19 (1er. sem. 2014) {55/1043 R. 087488} ;p. 77-90
902 ## - CES. TIPO DE DOCUMENTO
Tipodoc (006$c Sirtex) ART Artículo de revista
942 ## - ELEMENTOS KOHA
Fuente de clasificaión o esquema Clasificación propia del CES
Koha [por defecto] tipo de item Artículos (1982-2017)
Parte de clasificación Ciencias Sociales Politicas Empresariale

No hay ítems disponibles.

© CES, Consejo Económico y Social de España 2021